00828nam a2200229Ia 4500003000400000005001700004008004100021020002200062040000700084041000800091082001700099100002500116245009400141260003900235300001600274365001400290650002200304906010200326942001200428999001900440952013900459OSt20250709113129.0210423s2011 xx 000 0 und d a978-1-4129-7009-9 cAL aeng a070.4 bCRAE aDavid A Craig997188 aExcellence in online journalismb: exploring current practices in an evolving environment aNew DelhibSage Publicationsc2011 axii,179bPB b4584cINR aJournalism997189 aan ; current ; environment ; evolving ; Excellence ; exploring ; journalism: ; online ; practices 2ddccBK c171004d171004 001040708MAJMCaSACPGbSACPGd2021-03-16eBiblios Book Pointg4584.00l0o070.4 CRAEpPG017506r2022-08-24 00:00:00w2021-04-26yBK